000
00450nam a22001097a 4500
082
_a
920/SIN
100
_a
सिन्हा,तुहिन ए सिन्हा,अंकिता वर्मा
_9
83533
245
_a
भारत माता का वीर पुत्र बिरसा मुंडा
260
_a
भोपाल
_b
मंजुला पब्लिशिंग
_c
2025
650
_a
जीवनी
942
_c
HIN
999
_c
68477
_d
68477